Gaming Quiz

Random Gaming or Logic Quiz

Warcraft 2 Logic Quiz Stats

 Plays Quiz not verified by Sporcle

Also try: Moogle or Chocobo?
Challenge
Share
Tweet
Score 0/25 Timer 20:00
0 Plays Today
% Correct



A1


???
100%



B5


???
64.5%



A2


???
61.3%



E4


???
41.9%



B2


???
35.5%



C4


???
19.4%



A4


???
16.1%



D3


???
11.3%



D2


???
11.3%



B1


???
9.7%



D5


???
9.7%



E1


???
9.7%



D1


???
9.7%
% Correct



D4


???
8.1%



C5


???
8.1%



E5


???
8.1%



A3


???
6.5%



E3


???
6.5%



B4


???
6.5%



A5


???
4.8%



C2


???
4.8%



E2


???
4.8%



C3


???
4.8%



C1


???
3.2%



B3


???
1.6%

You're not logged in!

Compare scores with friends on all Sporcle quizzes.
OR
Log In

You Might Also Like...

Show Comments

Extras

Created Mar 18, 2016ReportNominate
Tags:Logic Quiz, warcraft

Top Quizzes Today


Score Distribution

Your Account Isn't Verified!

In order to create a playlist on Sporcle, you need to verify the email address you used during registration. Go to your Sporcle Settings to finish the process.

Report this User

Report this user for behavior that violates our Community Guidelines.

Details: